[Event "ESP-ch U18"]
[Site "Padron"]
[Date "2008.07.29"]
[Round "5"]
[White "Perez Sanchez, Maria"]
[Black "Perez Munoz, Jorge"]
[Result "1/2-1/2"]
[WhiteElo "1464"]
[BlackElo "1725"]
[PlyCount "50"]
[EventDate "2008.07.27"]
[EventType "swiss"]
[EventRounds "9"]
[EventCountry "ESP"]
[SourceTitle "CBM 125 Extra"]
[Source "ChessBase"]
[SourceDate "2008.09.01"]
[SourceVersion "1"]
[SourceVersionDate "2008.09.01"]
[SourceQuality "1"]

1. e4 e5 2. Nf3 Nc6 3. d4 exd4 4. Nxd4 Bc5 5. Be3 Qf6 6. c3 Nge7 7. Bc4 0-0 8. 0-0 Qg6 9. Nxc6 Nxc6 10. Bxc5 d6 11. Be3 Ne5 12. Be2 f5 13. f4 Nc6 14. Rf3 fxe4 15. Rg3 Qf6 16. Bg4 Bxg4 17. Rxg4 Rf7 18. Qd5 Raf8 19. Nd2 Kh8 20. Qg5 Qe6 21. b4 h6 22. Qg6 Qd5 23. Qxe4 Qxe4 24. Nxe4 Re8 25. f5 d5 1/2-1/2

[Event "ESP-ch U18"]
[Site "Padron"]
[Date "2008.07.28"]
[Round "3"]
[White "Perez Sanchez, Maria"]
[Black "Marin Benito, Carla"]
[Result "0-1"]
[WhiteElo "1464"]
[BlackElo "1785"]
[PlyCount "126"]
[EventDate "2008.07.27"]
[EventType "swiss"]
[EventRounds "9"]
[EventCountry "ESP"]
[SourceTitle "CBM 125 Extra"]
[Source "ChessBase"]
[SourceDate "2008.09.01"]
[SourceVersion "1"]
[SourceVersionDate "2008.09.01"]
[SourceQuality "1"]

1. e4 e5 2. Nf3 Nc6 3. d4 exd4 4. Nxd4 Bc5 5. Be3 Qf6 6. c3 Nge7 7. Bc4 0-0 8. 0-0 Bb6 9. Nxc6 Nxc6 10. Qe2 Ne5 11. Bb3 d6 12. f3 Re8 13. Nd2 Ng6 14. Bxb6 axb6 15. Qe3 Nf4 16. Kh1 Qg5 17. g3 Ne6 18. Qxg5 Nxg5 19. h4 Ne6 20. Rfe1 Nc5 21. Bc4 Be6 22. b3 c6 23. Bxe6 Rxe6 24. Nc4 b5 25. Ne3 Rae8 26. Rad1 d5 27. b4 Na6 28. Ng4 f5 29. Nf2 Nb8 30. Rd4 Nd7 31. g4 fxe4 32. fxe4 Nf6 33. Kg2 Nd7 34. Kg3 g6 35. Re3 Kg7 36. g5 h6 37. Rf3 hxg5 38. hxg5 Nb6 39. Rf4 dxe4 40. Rdxe4 Nd5 41. Rxe6 Rxe6 42. Rf3 Re2 43. Nd3 Nxc3 44. Nc5 Ne4+ 45. Nxe4 Rxe4 46. Ra3 Kf7 47. Ra7 Re7 48. Kg4 Ke6 49. Ra8 Kf7 50. Ra7 b6 51. Ra6 Rb7 52. Ra3 c5 53. Rf3+ Kg7 54. Rb3 c4 55. Rc3 Rd7 56. Kf4 Kf7 57. Ke5 Ke7 58. Rf3 Rc7 59. Rf6 c3 60. Rxg6 c2 61. Rg7+ Kd8 62. Rg8+ Kd7 63. Rg7+ Kc6 0-1